书目信息 |
| 题名: |
建设有中国特色社会主义理论教程
|
|
| 作者: | 郭永礼 主编 | |
| 分册: | ||
| 出版信息: | 北京 高等教育出版社 1997 |
|
| 页数: | 202页 | |
| 开本: | 20cm | |
| 丛书名: | ||
| 单 册: | ||
| 中图分类: | D614 | |
| 科图分类: | 32.2094 | |
| 主题词: | 社会主义建设模式--中国--高等学校--教材 | |
| 电子资源: | ||
| ISBN: | 7-04-006032-9 | |
| 000 | 00706nam0 2200229 45 | |
| 001 | 0198012932 | |
| 005 | 20070614143927.95 | |
| 010 | @a7-04-006032-9@dCNY6.80 | |
| 100 | @a19980304d1997 em y0chiy0121 ea | |
| 101 | 0 | @achi |
| 102 | @aCN@b110000 | |
| 105 | @ay z 000yy | |
| 200 | 10 | @a建设有中国特色社会主义理论教程@Ajian she you zhong guo te se she hui zhu yi li lun jiao cheng@e试用本@f郭永礼主编 |
| 210 | @a北京@c高等教育出版社@d1997 | |
| 215 | @a202页@d20cm | |
| 300 | @a全国高等专科学校通用教材 | |
| 606 | @a社会主义建设模式@y中国@x高等学校@x教材 | |
| 690 | @aD614@v3 | |
| 692 | @a32.2094@v2 | |
| 701 | 0 | @a郭永礼@Aguo yong li@4主编 |
| 801 | 0 | @aCN@bTSSF@c20070614 |
| 905 | @a10447@dD614@e108 | |
| 建设有中国特色社会主义理论教程:试用本/郭永礼主编.-北京:高等教育出版社,1997 |
| 202页;20cm |
| 全国高等专科学校通用教材 |
| ISBN 7-04-006032-9:CNY6.80 |
| ● |
| 相关链接 |
|
|
|
|
正题名:建设有中国特色社会主义理论教程
索取号:D614/108
 
预约/预借
| 序号 | 登录号 | 条形码 | 馆藏地/架位号 | 状态 | 备注 |
| 1 | 0645204 | 206452042 | 库房3/ [索取号:D614/108] | 在馆 |